[Event "Queenstown Classic"]
[Site "Queenstown NZL"]
[Date "2009.01.20"]
[Round "6"]
[White "Pyke,M"]
[Black "Watson,Je"]
[Result "1/2-1/2"]
[WhiteElo "2182"]
[BlackElo "1504"]

1.d4 d5 2.Nf3 Nf6 3.c4 e6 4.g3 Be7 5.Bg2 O-O 6.O-O b6 7.Nc3 Bb7 8.Ne5 Nbd7
9.Bg5 h6 10.Bxf6 Nxf6 11.Rc1 c6 12.e4 dxe4 13.Nxe4 Nxe4 14.Bxe4 Qc7 15.Qf3 Rac8
16.Qg2 Ba8 17.f4 c5 18.Bxa8 Rxa8 19.d5 exd5 20.cxd5 Bd6 21.Rfe1 Rae8 22.Nc6 Qd7
23.Kf1 a6 24.b3 Rxe1+ 25.Rxe1 Re8 26.Rxe8+ Qxe8 27.Qe2 Qxe2+ 28.Kxe2 Kf8
29.Kd3 Ke8 30.a4 Kd7 31.Ke4 Bc7 32.Ne5+ Bxe5 33.fxe5 f6 34.g4 fxe5 35.Kxe5 b5
36.axb5 axb5 37.h4 g6 38.g5 hxg5 39.hxg5 Ke7 40.d6+ Kd7 41.Kd5 c4 42.bxc4 bxc4  1/2-1/2

[Event "68th ch-GEO"]
[Site "Tbilisi GEO"]
[Date "2009.01.22"]
[Round "6"]
[White "Mchedlishvili,M"]
[Black "Charkhalashvili,I"]
[Result "1/2-1/2"]
[WhiteElo "2619"]
[BlackElo "2337"]

1.d4 Nf6 2.c4 e6 3.Nf3 d5 4.g3 Be7 5.Bg2 O-O 6.O-O dxc4 7.Qc2 c5 8.dxc5 Nc6
9.Nbd2 Bxc5 10.Nxc4 Qe7 11.Bf4 Bd7 12.Rad1 Nb4 13.Qb3 Bc6 14.a3 Nbd5 15.Be5 Nb6
16.Nxb6 axb6 17.Qc2 Rfd8 18.Rc1 h6 19.e3 Ng4 20.Bd4 Bxf3 21.Bxc5 bxc5 22.Bxf3 Ne5
23.Be2 b6 24.Qe4 Qc7 25.Rfd1 Rac8 26.Qf4 Rd5 27.e4 Rxd1+ 28.Rxd1 c4 29.Qe3 c3
30.bxc3 Qxc3 31.Rd8+ Kh7 32.Rxc8 Qxc8 33.Kg2 Qc2 34.Bb5 Nc4 35.Qf3 Kg8 36.Bxc4  1/2-1/2

[Event "ch-PriFO"]
[Site "Kazan RUS"]
[Date "2009.01.23"]
[Round "3"]
[White "Vafin,A"]
[Black "Ibraev,V"]
[Result "1/2-1/2"]
[WhiteElo "2051"]
[BlackElo "2268"]

1.d4 Nf6 2.c4 e6 3.g3 d5 4.Bg2 Be7 5.Nf3 O-O 6.O-O c6 7.Qc2 Nbd7 8.Bf4 dxc4
9.Qxc4 Nd5 10.Nbd2 c5 11.dxc5 Bxc5 12.Nb3 Be7 13.Rfd1 N7b6 14.Qc2 Bd7 15.Rac1 Rc8
16.Qb1 Rxc1 17.Qxc1 Nxf4 18.gxf4 Qb8 19.Ne5 Ba4 20.e3  1/2-1/2

[Event "68th ch-GEO"]
[Site "Tbilisi GEO"]
[Date "2009.01.25"]
[Round "8"]
[White "Magalashvili,Da"]
[Black "Charkhalashvili,I"]
[Result "0-1"]
[WhiteElo "2490"]
[BlackElo "2337"]

1.d4 Nf6 2.c4 e6 3.g3 d5 4.Bg2 Be7 5.Nf3 O-O 6.O-O dxc4 7.Qc2 c5 8.dxc5 Bxc5
9.Qxc4 Qe7 10.Nc3 b6 11.Bg5 Bb7 12.Bxf6 gxf6 13.Rad1 Nc6 14.Qh4 Kg7 15.Ne4 Rfd8
16.g4 Rxd1 17.Rxd1 Rd8 18.Re1 Nd4 19.Ng3 Kh8 20.Nh5 Nxf3+ 21.Bxf3 Bxf3 22.exf3 Rd2
23.Rf1 Bd4 24.b3 Qd8 25.Kg2 Bb2 26.Ng3 Kg7 27.Nh5+ Kh8 28.Ng3 Kg7 29.Re1 Bd4
30.Nh5+ Kh8 31.Rf1 Bb2 32.Ng3 Kg7 33.Re1 Bd4 34.Ne4 Rxa2 35.Rc1 b5 36.Rf1 h6
37.Ng3 a5 38.Nh5+ Kh8 39.Ng3 Be3 40.Ne4 Kg7 41.Qh5 Qd3 42.h4 Qd5 43.g5 fxg5
44.hxg5 Bxg5 45.Nc3 Qxb3 46.Nxa2 Qxa2 47.Rd1 Qc4 48.Rd7 Qf4 49.Ra7 a4 50.Qh3 Qd4
51.Rb7 Qd5 52.Ra7 Qc5 53.Ra6 a3 54.Qg4 b4 55.Qg3 b3 56.Qb8 b2 57.Ra8 Bd8
58.Ra4 Qb6 59.Qe5+ Kf8 60.Qh8+ Ke7  0-1

[Event "7th Gibtelecom Masters"]
[Site "Caleta ENG"]
[Date "2009.01.27"]
[Round "1"]
[White "Kvisla,J"]
[Black "Nemeth,Mi1"]
[Result "0-1"]
[WhiteElo "2208"]
[BlackElo "2472"]

1.d4 Nf6 2.c4 e6 3.g3 d5 4.Nf3 Be7 5.Bg2 O-O 6.O-O dxc4 7.Qc2 a6 8.Qxc4 b5
9.Qc2 Bb7 10.Bg5 Nbd7 11.Bxf6 Nxf6 12.Nbd2 Rc8 13.Nb3 Be4 14.Qc3 Nd7 15.Qa5 Nb8
16.Rac1 Bd5 17.Rfd1 Nc6 18.Qxa6 Nb4 19.Qxb5 Nxa2 20.Rc4 c6 21.Qa4 Ra8  0-1

[Event "7th Gibtelecom Masters"]
[Site "Caleta ENG"]
[Date "2009.01.28"]
[Round "2"]
[White "D'Costa,L"]
[Black "Fox,An"]
[Result "1-0"]
[WhiteElo "2445"]
[BlackElo "2085"]

1.d4 d5 2.c4 e6 3.Nf3 Nf6 4.g3 Be7 5.Bg2 O-O 6.O-O Nbd7 7.Qc2 c6 8.Bf4 Nh5
9.Rd1 Nxf4 10.gxf4 f5 11.Nc3 Bd6 12.e3 Nf6 13.Rab1 a5 14.a3 Qe7 15.Ne5 Bd7
16.b4 axb4 17.axb4 b5 18.c5 Bc7 19.Ra1 Rfb8 20.Ra2 Qd8 21.Rda1 Qc8 22.Ne2 Be8
23.f3 Qb7 24.Qb2 h6 25.Ra3 Rc8 26.Nc1 Rxa3 27.Qxa3 Kf8 28.Nb3 Ng8 29.Bf1 Ne7
30.Ra2 Bh5 31.Kg2 g5 32.fxg5 hxg5 33.Nd7+ Kf7 34.Qa7 Qxa7 35.Rxa7 Bg6 36.Nb6 Bxb6
37.cxb6 Rb8 38.b7 f4 39.exf4 gxf4 40.Na5  1-0

[Event "1st Open"]
[Site "Gurgon IND"]
[Date "2009.01.28"]
[Round "9"]
[White "Ulibin,M"]
[Black "Anwesh,U"]
[Result "1/2-1/2"]
[WhiteElo "2511"]
[BlackElo "2269"]

1.d4 d5 2.Nf3 Nf6 3.c4 e6 4.g3 Be7 5.Bg2 O-O 6.O-O dxc4 7.Qc2 a6 8.Qxc4 b5
9.Qc2 Bb7 10.Bd2 Be4 11.Qc1 Bb7 12.Rd1 Qc8 13.Bf4 c5 14.dxc5 Qxc5 15.Nbd2 Nbd7
16.Nb3 Qxc1 17.Raxc1 Rfc8 18.Na5 Bd5 19.Nd4 Rxc1 20.Rxc1 Bxg2 21.Kxg2 Kf8
22.Ndc6 Rc8 23.f3 Nd5 24.Bd2 Bf6 25.e4 Ne7 26.Bc3 Bxc3 27.Rxc3 Nxc6 28.Rxc6 Rxc6
29.Nxc6 Nc5 30.b4 Nd7 31.e5 Nb6 32.Kf2 Nd5 33.a3 Ke8 34.f4 Nb6 35.Ke3 Nc4+
36.Kd4 Kd7 37.Nb8+ Kc7 38.Nxa6+ Kb6 39.Nc5 Nxa3 40.Ne4 Nc2+ 41.Kc3 Ne3 42.Ng5 h6
43.Nxf7 Kc6 44.Nd6 Nf1 45.f5 exf5 46.Nxf5 Kd5 47.h3 Kxe5 48.g4 h5 49.Nxg7 hxg4
50.hxg4 Ne3 51.g5 Nd5+ 52.Kb3 Kf4 53.Ne6+ Kf5  1/2-1/2

[Event "7th Gibtelecom Masters"]
[Site "Caleta ENG"]
[Date "2009.01.29"]
[Round "3"]
[White "Andersson,U"]
[Black "Ogada Osir,I"]
[Result "1-0"]
[WhiteElo "2571"]
[BlackElo "2110"]

1.Nf3 d5 2.d4 Nf6 3.c4 e6 4.g3 Be7 5.Bg2 O-O 6.O-O dxc4 7.Qc2 a6 8.Qxc4 b5
9.Qc2 Bb7 10.Bf4 Nc6 11.Rd1 Nb4 12.Qc1 Rc8 13.Nc3 Nbd5 14.Nxd5 Nxd5 15.Bg5 h6
16.Bxe7 Qxe7 17.Qc5 Qxc5 18.dxc5 Nf6 19.Ne5 Bxg2 20.Kxg2 c6 21.Rd6 Ne4 22.Rxc6 Rxc6
23.Nxc6 Nxc5 24.Rc1 Na4 25.b3 Nb6 26.Kf3 g5 27.Ne5 Rd8 28.Rc6 Nd7 29.Nd3 Nb8
30.Rc7 Kg7 31.Ne5 Rf8 32.b4 Kf6 33.Ke4 Kg7 34.a3 Kf6 35.Rb7 Kg7 36.f4 gxf4
37.gxf4 Kg8 38.Nxf7 Rxf7 39.Rxb8+ Kg7 40.Rb6 Ra7 41.Rxe6 a5  1-0

[Event "7th Gibtelecom Masters"]
[Site "Caleta ENG"]
[Date "2009.01.29"]
[Round "3"]
[White "Cmilyte,V"]
[Black "Csonka,A1"]
[Result "1-0"]
[WhiteElo "2497"]
[BlackElo "2289"]

1.d4 Nf6 2.c4 e6 3.g3 d5 4.Nf3 Be7 5.Bg2 O-O 6.O-O dxc4 7.Qc2 a6 8.Qxc4 b5
9.Qc2 Bb7 10.Bd2 Be4 11.Qc1 Qc8 12.Be3 Nbd7 13.Nbd2 Bd5 14.Nb3 a5 15.Nc5 Nxc5
16.dxc5 Bxf3 17.Bxf3 c6 18.Bd4 Rd8 19.Rd1 Ra7 20.b3 Rad7 21.e3 Ne8 22.Qb2 Bf6
23.Be5 Rxd1+ 24.Rxd1 Rxd1+ 25.Bxd1 Bxe5 26.Qxe5 Qc7 27.Qd4 e5 28.Qd3 Nf6
29.Bf3 Kf8 30.a3 Ke7 31.Qf5 h6 32.Bg2 Nd7 33.b4 axb4 34.axb4 Nf6 35.f4 exf4
36.gxf4 g6 37.Qd3 Qd7 38.Qd4 Qxd4 39.exd4 Kd7 40.Kf2 Kc7 41.Bf3 Nd7 42.Ke3 f5
43.d5 cxd5 44.Kd4 Nb8 45.Bxd5 Na6 46.h4 Nxb4 47.Bf7 Nc6+ 48.Kc3 Nd8 49.Bxg6 Ne6
50.Kb4 Nxf4 51.Bxf5 h5 52.Kxb5 Ng2 53.c6 Ne3 54.Be4 Ng4 55.Kc4 Ne5+ 56.Kc5 Ng4
57.Kd4 Kd6 58.Bd5 Nf6 59.Bf7 Kxc6 60.Ke5 Ng4+ 61.Ke6 Ne3 62.Bxh5 Kc7 63.Bf3 Kd8
64.Bc6 Ng4 65.h5 Nh6 66.Bb5 Ng4 67.Kf7 Ne5+ 68.Kg7 Nf3 69.Kf6  1-0

[Event "ch-PriFO"]
[Site "Kazan RUS"]
[Date "2009.01.29"]
[Round "9"]
[White "Bushkov,A"]
[Black "Mokshanov,A"]
[Result "1/2-1/2"]
[WhiteElo "2295"]
[BlackElo "2185"]

1.d4 d5 2.c4 e6 3.Nf3 Nf6 4.g3 Be7 5.Bg2 O-O 6.O-O Nbd7 7.Qc2 c6 8.Nbd2 b6
9.Re1 Bb7 10.b3 Rc8 11.e4 dxe4 12.Nxe4 c5 13.Nxf6+ Nxf6 14.dxc5 Bxc5 15.Bb2 Bxf3
16.Bxf3 Qe7 17.Qe2 Rfd8 18.Red1 h6 19.Kg2 a5 20.h4 Kf8 21.Qe5 Rxd1 22.Rxd1 Rd8
23.Rxd8+ Qxd8 24.Bc3 Ke7 25.Be2  1/2-1/2

[Event "7th Gibtelecom Masters"]
[Site "Caleta ENG"]
[Date "2009.02.01"]
[Round "6"]
[White "Devereaux,M"]
[Black "Daoudi,K"]
[Result "1-0"]
[WhiteElo "2437"]
[BlackElo "2209"]

1.Nf3 Nf6 2.c4 e6 3.g3 d5 4.d4 Be7 5.Bg2 O-O 6.O-O dxc4 7.Qc2 a6 8.a4 Bd7
9.Rd1 Bc6 10.Nc3 Bb4 11.Bg5 Bxc3 12.Qxc3 Ne4 13.Bxd8 Nxc3 14.bxc3 Rxd8 15.Ne5 Bxg2
16.Kxg2 f6 17.Nxc4 a5 18.Rab1 b6 19.e3 Nd7 20.Rd2 Kf7 21.Kf3 h5 22.h3 g5
23.Ke2 Ke7 24.Na3 f5 25.Nb5 c6 26.Na3 Kd6 27.Rdb2 Kc7 28.Nc4 Rab8 29.Rh1 Nf6
30.f3 Rg8 31.Kd3 f4 32.exf4 gxf4 33.g4 Nd5 34.Re2 b5 35.axb5 Rxb5 36.Rxe6 Rb3
37.Rxc6+ Kb8 38.Nxa5 Rb2 39.Rc5 Nc7 40.Nc4 Rf2 41.Rb1+ Kc8 42.Ne5 hxg4 43.hxg4  1-0

[Event "7th Gibtelecom Masters"]
[Site "Caleta ENG"]
[Date "2009.02.03"]
[Round "8"]
[White "Beltran Medina,J"]
[Black "Fox,An"]
[Result "1-0"]
[WhiteElo "2006"]
[BlackElo "2085"]

1.d4 Nf6 2.c4 e6 3.g3 d5 4.Bg2 Be7 5.Nf3 O-O 6.O-O Nbd7 7.Qc2 c6 8.b3 b6
9.Rd1 Bb7 10.Nc3 Rc8 11.e4 h6 12.Bf4 Nh5 13.Be3 dxe4 14.Nxe4 f5 15.Nc3 Qe8
16.Qe2 Bb4 17.Bd2 Qf7 18.a3 Bd6 19.Ne5 Bxe5 20.dxe5 g5 21.Nb5 cxb5 22.Bxb7 Rc7
23.Ba6 Nc5 24.Bxb5 Nxb3 25.Bb4 Nc5 26.Bxc5 bxc5 27.Rd6 f4 28.Rad1 Ng7 29.Bd7 f3
30.Qf1 Qf5 31.Qd3 Qxe5 32.Qg6 Qf6 33.Bxe6+ Kh8 34.Rd8 Qxg6 35.Rxf8+ Kh7 36.Bg8+ Kh8
37.Bf7+ Kh7 38.Bxg6+ Kxg6 39.Rxf3 Nf5 40.Rd5 Nd4 41.Rd6+ Kg7 42.Rff6 Rb7
43.Rg6+ Kf7 44.Rxh6 Rb1+ 45.Kg2 g4 46.Rh7+ Ke8 47.Rg6  1-0

[Event "14th HIT Open"]
[Site "Nova Gorica SLO"]
[Date "2009.02.06"]
[Round "8"]
[White "Saric,A"]
[Black "Zorko,Ju"]
[Result "1-0"]
[WhiteElo "2514"]
[BlackElo "2396"]

1.d4 Nf6 2.c4 e6 3.g3 d5 4.Bg2 Be7 5.Nf3 O-O 6.Qc2 dxc4 7.Nbd2 c5 8.dxc5 Bxc5
9.O-O Nc6 10.Nxc4 Qe7 11.Nfe5 Nxe5 12.Nxe5 Qc7 13.Be3 Bb6 14.Qxc7 Bxc7 15.Bd4 Nd5
16.Rac1 Bxe5 17.Bxe5 Bd7 18.e4 Nb6 19.Rfd1 Bc6 20.f3 Rfd8 21.b3 f6 22.Bb2 Kf7
23.Bh3 Nd7 24.Kf2 Nf8 25.Ke3 Ng6 26.Bf1 Nf8 27.Bc4 Rd7 28.a4 Rad8 29.Rxd7+ Nxd7
30.Rd1 Re8 31.f4 Nb6 32.Be2 f5 33.a5 Nc8 34.exf5 exf5+ 35.Kf2 h6 36.Ba3 a6
37.Bc4+ Kg6 38.h4 h5 39.Bc5 Re4 40.Rd8 Re8 41.Rxe8  1-0

[Event "TCh-HUN 2008-9"]
[Site "Budapest HUN"]
[Date "2009.02.08"]
[Round "7"]
[White "Balog,I1"]
[Black "Kovacs,Ga2"]
[Result "0-1"]
[WhiteElo "2423"]
[BlackElo "2490"]

1.Nf3 d5 2.d4 Nf6 3.c4 e6 4.g3 Be7 5.Bg2 O-O 6.O-O dxc4 7.Qc2 a6 8.Qxc4 b5
9.Qc2 Bb7 10.Bf4 Nc6 11.Rd1 Nb4 12.Qc1 Rc8 13.Nc3 Nbd5 14.Nxd5 Bxd5 15.Be3 c6
16.Ne1 Ng4 17.h3 Nxe3 18.Qxe3 Bxg2 19.Kxg2 Qd5+ 20.Qf3 Rfd8 21.e3 c5 22.dxc5 Qxc5
23.Qb7 Qc6+ 24.Qxc6 Rxc6 25.Kf3 Kf8 26.Ke2 Rdc8 27.Nd3 Ke8 28.a4 Rb8 29.Rd2 bxa4
30.Rxa4 Rb5 31.Kd1 Rd5 32.e4 Rb5 33.Rc2 Rxc2 34.Kxc2 a5 35.Rd4 Rb7 36.Kc3 Bf6
37.e5 Be7 38.Rc4 Kd7 39.Rf4 Kc8 40.Rd4 Rb6 41.Ra4 Rb5 42.Rd4 Rb6 43.Kc4 a4
44.Re4 Kd7 45.Re1 Rc6+ 46.Kd4 a3 47.bxa3 Bxa3 48.Ra1 Be7 49.Ra2 Rc7 50.h4 h5
51.Rd2 Ra7 52.Ke4 Ra4+ 53.Ke3 Ra3 54.Ke2 Kc7 55.Rc2+ Kd7 56.Rb2 Kc7 57.Ne1 Ra5
58.Nf3 Ra4 59.Rc2+ Kd7 60.Ke3 Ra3+ 61.Ke4 Ra4+ 62.Ke3 Ra3+ 63.Ke2 Ra4 64.Rc3 Ra2+
65.Ke3 Bb4 66.Rc4 Ba5 67.Rf4 Bb6+ 68.Nd4 Ke8 69.Kf3 Ra5 70.Ke4 Rd5 71.Nc6 Bc7
72.Kf3 Rc5 73.Nb4 Bxe5 74.Re4 Bd6 75.Nd3 Rc3 76.Ke2 Rc2+ 77.Ke3 Ra2 78.Rc4 Kd7
79.Rd4 Ke7 80.Rc4 e5 81.f4 exf4+ 82.Nxf4 Ra3+ 83.Kf2 g6 84.Ne2 Ke6 85.Rc3 Ra4
86.Kf3 Be5 87.Rb3 Kf5 88.Rd3 f6 89.Re3 g5 90.hxg5 fxg5 91.Rb3 g4+ 92.Ke3 Ra1
93.Kf2 Rd1 94.Rb7 Rd3 95.Rf7+ Ke4 96.Re7 Rf3+ 97.Kg2 Rf5 98.Nf4 h4 99.Ng6 h3+
100.Kg1 Rg5 101.Nf4 Kf3 102.Kh2 Rf5 103.Nxh3 Bxg3+ 104.Kg1 gxh3 105.Rb7 Ra5
106.Rb3+ Kg4 107.Rb1 Ra2 108.Kh1 Rc2 109.Rf1 Bf2 110.Rd1 Rb2 111.Rd4+ Kf3
112.Rd1 Bg3 113.Rd3+ Kg4 114.Rd1 Bf4 115.Rg1+ Kh4 116.Rd1 Re2 117.Rf1 Be3  0-1

[Event "80th ch-GER"]
[Site "Saarbruecken GER"]
[Date "2009.02.08"]
[Round "3"]
[White "Hirneise,T"]
[Black "Malek,Da"]
[Result "1-0"]
[WhiteElo "2426"]
[BlackElo "2306"]

1.d4 Nf6 2.c4 e6 3.g3 d5 4.Nf3 Be7 5.Bg2 O-O 6.O-O dxc4 7.Qc2 a6 8.Qxc4 b5
9.Qc2 Bb7 10.Bd2 Be4 11.Qc1 Qc8 12.Be3 Nbd7 13.Nbd2 Bd5 14.Nb3 a5 15.Bg5 a4
16.Bxf6 gxf6 17.Nbd2 f5 18.Ne5 Bxg2 19.Kxg2 c5 20.Ndf3 c4 21.Qh6 f6 22.Ng5 fxg5
23.Qxe6+ Kh8 24.Nxd7 Re8 25.Qe5+ Kg8 26.Qd5+ Kg7 27.Nb6 Qd8 28.Qxa8 Qxa8+
29.Nxa8 Rxa8 30.a3 Kf6 31.f3 f4 32.h4 h6 33.hxg5+ hxg5 34.Rh1 Kg6 35.gxf4 gxf4
36.Kf2 Bf6 37.Rag1+ Kf7 38.Rh7+ Kf8 39.Rd7 Ra7 40.Rd5 Ke7 41.Rg4 Ke6 42.Rxb5 Bxd4+  1-0

[Event "80th ch-GER"]
[Site "Saarbruecken GER"]
[Date "2009.02.13"]
[Round "8"]
[White "Gross,G"]
[Black "Beikert,G"]
[Result "1-0"]
[WhiteElo "2351"]
[BlackElo "2470"]

1.d4 d5 2.Nf3 Nf6 3.c4 e6 4.g3 Be7 5.Bg2 O-O 6.O-O c6 7.Nc3 Nbd7 8.Qd3 b6
9.e4 a5 10.b3 Ba6 11.a4 Rc8 12.Rd1 c5 13.exd5 exd5 14.Nb5 Bb7 15.dxc5 dxc4
16.bxc4 Nxc5 17.Qe2 Qe8 18.Bf4 Nfe4 19.Nd2 Bf6 20.Nxe4 Nxe4 21.Ra3 Nc5 22.Re3 Bxg2
23.Rxe8 Rcxe8 24.Qg4 Bc6 25.Nd6 Re6 26.Nf5 Rfe8 27.Ne3 Nxa4 28.Nd5 Nc3 29.Rd3 Re1+
30.Kg2 Nxd5 31.cxd5 Bb5 32.Bd2 R1e4 33.Qf3 Bxd3 34.Qxd3 Rd4 35.Qb5 Rd8 36.Be3 R4xd5
37.Qxb6 Ra8 38.Qb7 Rdd8 39.Bc5 a4 40.Ba3 g6 41.h4 h5 42.g4 hxg4 43.h5 gxh5
44.Qb5 Rd4 45.Qc6  1-0

[Event "TCh-BEL 2008-9"]
[Site "Belgium BEL"]
[Date "2009.02.15"]
[Round "9"]
[White "Van der Stricht,G"]
[Black "Geirnaert,S"]
[Result "1/2-1/2"]
[WhiteElo "2380"]
[BlackElo "2353"]

1.d4 Nf6 2.c4 e6 3.g3 d5 4.Nf3 Be7 5.Bg2 O-O 6.O-O dxc4 7.Qc2 a6 8.a4 Bd7
9.Qxc4 Bc6 10.Bf4 a5 11.Nc3 Na6 12.Rfe1 Bxf3 13.Bxf3 c6 14.e4 Qb6 15.Be3 Nb4
16.Qb3 Nbd5 17.Qxb6 Nxb6 18.Be2 Nbd7 19.Red1 Bb4 20.f3 Rfd8 21.Kg2 e5 22.dxe5 Nxe5
23.f4 Ned7 24.Bf3 Bc5 25.Bd4 Bxd4 26.Rxd4 Nc5 27.Rad1 Ne6 28.Rxd8+ Rxd8 29.Rxd8+  1/2-1/2

[Event "US Amateur Team-ch East"]
[Site "Parsipanny USA"]
[Date "2009.02.15"]
[Round "4"]
[White "Ippolito,D"]
[Black "Song,P"]
[Result "1-0"]
[WhiteElo "2432"]
[BlackElo "2094"]

1.d4 d5 2.c4 e6 3.Nf3 Nf6 4.g3 Be7 5.Bg2 O-O 6.O-O Nbd7 7.Nc3 c6 8.Qc2 dxc4
9.a4 Qa5 10.e4 Qh5 11.Ne2 e5 12.Qxc4 exd4 13.Qxd4 Qc5 14.e5 Nd5 15.a5 Qxd4
16.Nexd4 Nc5 17.Rd1 Bg4 18.h3 Bxf3 19.Bxf3 Rfd8 20.a6 Nb4 21.axb7 Nxb7 22.Be3 Bc5
23.Nxc6 Rxd1+ 24.Rxd1 Nxc6 25.Bxc6 Bxe3 26.Bxb7 Bxf2+ 27.Kxf2 Rb8 28.Rd7 Kf8
29.b3  1-0

[Event "It B"]
[Site "Nancy FRA"]
[Date "2009.02.16"]
[Round "1"]
[White "Paci,C"]
[Black "Delorme,Al"]
[Result "1-0"]
[WhiteElo "2300"]
[BlackElo "2251"]

1.d4 Nf6 2.Nf3 e6 3.g3 d5 4.c4 Be7 5.Bg2 O-O 6.O-O dxc4 7.Qc2 a6 8.a4 c5
9.dxc5 Bxc5 10.Na3 Nc6 11.Nxc4 Qe7 12.Nfe5 Nb4 13.Qb3 Rb8 14.Bf4 b5 15.Na5 Rb6
16.Nac6 Nxc6 17.Nxc6 Qe8 18.Na5 Bd7 19.Qc3 Qe7 20.Nb7 Rc8 21.Nxc5 Rxc5 22.Qa5 Rbc6
23.Bxc6 Bxc6 24.Qxa6 Nd5 25.Rfc1 g5 26.Bxg5 f6 27.Rxc5  1-0

[Event "73rd ch-BUL"]
[Site "Blagoevgrad BUL"]
[Date "2009.02.20"]
[Round "11"]
[White "Petkov,V"]
[Black "Enchev,I"]
[Result "1/2-1/2"]
[WhiteElo "2504"]
[BlackElo "2382"]

1.d4 Nf6 2.c4 e6 3.g3 d5 4.Bg2 Be7 5.Nf3 O-O 6.O-O dxc4 7.Qc2 a6 8.Qxc4 b5
9.Qc2 Bb7 10.Bd2 Nbd7 11.Ba5 Ra7 12.Nbd2 Qa8 13.b4 Bd6 14.Rfe1 e5 15.e4 exd4
16.Nxd4 Rc8 17.Rac1 c5 18.Nf5 Bf8 19.Qb2 g6 20.Nh4 c4 21.e5 Bxg2 22.Nxg2 Nd5
23.Ne4 Bg7 24.f4 Nf8 25.Re2 Qc6 26.Rd1 Ne6 27.Nd6 Qxd6 28.exd6 Bxb2 29.Rxd5 Bf6
30.d7 Rf8 31.Ne3 Bd8 32.f5 Bxa5 33.fxe6 fxe6 34.Rd6 Bd8 35.Ng4 h5 36.Ne5 Bc7
37.Rxe6 Bxe5 38.R2xe5 Rxd7 39.Rxg6+ Kf7 40.Rxa6 Rc8 41.Rf5+ Kg7 42.Rg5+ Kf7
43.Rf5+ Kg7 44.Rg5+ Kf7 45.Rf5+  1/2-1/2

[Event "Spring"]
[Site "Mukachevo UKR"]
[Date "2009.02.25"]
[Round "4"]
[White "Polyakov,M"]
[Black "Molnar,P SVK"]
[Result "1/2-1/2"]
[WhiteElo "2281"]
[BlackElo "2285"]

1.d4 Nf6 2.Nf3 e6 3.g3 d5 4.c4 Be7 5.Bg2 O-O 6.O-O c6 7.Bf4 Nbd7 8.Nbd2 Nh5
9.Be3 Nhf6 10.Bg5 b6 11.Ne5 Bb7 12.cxd5 cxd5 13.Ndf3 Nxe5 14.Nxe5 Nd7 15.Bxe7 Qxe7
16.Nd3 Rfc8 17.Qd2 Rc7 18.Rfc1 Rac8 19.Rxc7 Rxc7 20.Rc1 Rxc1+ 21.Nxc1 Qd6
22.Nd3 h6 23.e3 Ba6 24.Nb4 Bb7 25.Bf1 Nb8 26.a3 Qc7 27.Bd3 a5 28.Na2 Ba6
29.Bb1 Qc4 30.Qd1 Nd7 31.Nc3 Kf8 32.h3 Nf6 33.Ba2 Qd3 34.Qxd3 Bxd3 35.f3 Ke7
36.Kf2 Kd7 37.e4 dxe4 38.Ke3 Bf1 39.fxe4 Bxh3 40.Bc4 Bg2 41.b4 axb4 42.axb4 g5
43.Be2 Bh3 44.Bf3 Bg4 45.e5 Bxf3 46.Kxf3 Nd5 47.Nxd5 exd5 48.Kg4 Ke6 49.Kh5 Kf5  1/2-1/2

[Event "TCh-AUT 2nd Bundesliga Ost 2008-9"]
[Site "Austria AUT"]
[Date "2009.02.28"]
[Round "8"]
[White "Kreindl,H"]
[Black "Papp,Ga"]
[Result "1/2-1/2"]
[WhiteElo "2171"]
[BlackElo "2509"]

1.d4 Nf6 2.Nf3 e6 3.g3 d5 4.Bg2 Be7 5.c4 O-O 6.O-O dxc4 7.Qc2 a6 8.a4 Bd7
9.Qxc4 Bc6 10.Bg5 a5 11.Rd1 Na6 12.Nc3 Nb4 13.Ne5 Bxg2 14.Kxg2 c6 15.e4 Rc8
16.Bxf6 Bxf6 17.Ng4 Be7 18.Ne3 Qb6 19.Rd2 Rfd8 20.Rad1 Rc7 21.h4 Rcd7 22.e5 Nd5
23.Nexd5 cxd5 24.Qb5 Qa6 25.Rc2 Rc7 26.Rdc1 Rdc8 27.Qxa6 bxa6 28.Kf3 f6 29.Ke3 fxe5
30.dxe5 Rc4 31.Kd3 Rb8 32.Ne2 Rxa4 33.Rc8+ Rxc8 34.Rxc8+ Kf7 35.Rc6 Re4 36.f4 Rb4
37.Rxa6 Rxb2 38.Nd4 Rg2 39.Nxe6 Rxg3+ 40.Kd4 Bxh4 41.f5 h5 42.Rxa5 Be7 43.Kxd5 h4
44.Nf4 h3 45.e6+ Ke8 46.Ra8+ Bd8 47.Kd6 Rb3 48.Nd5 Rd3 49.e7 Rxd5+ 50.Kxd5 Kxe7
51.Ra3 h2 52.Rh3 Bc7 53.Kc4 Kf6 54.Rh5 Bd6 55.Kd5 Bg3 56.Ke4 Ke7 57.Kf3 Be5
58.Kg2 Kd6 59.Rh7 Kd5 60.Rxg7  1/2-1/2

[Event "25th Open"]
[Site "Cappelle la Grande FRA"]
[Date "2009.03.02"]
[Round "4"]
[White "Miroshnichenko,E"]
[Black "Hammer,J"]
[Result "1/2-1/2"]
[WhiteElo "2667"]
[BlackElo "2532"]

1.Nf3 Nf6 2.c4 e6 3.g3 d5 4.Bg2 Be7 5.d4 O-O 6.Qc2 c5 7.O-O Nc6 8.cxd5 Nxd4
9.Nxd4 cxd4 10.dxe6 Bxe6 11.Bxb7 Rb8 12.Bg2 Qb6 13.Nd2 Rbc8 14.Qd1 Rfd8 15.Nf3 Bf5
16.Ne1 Nd5 17.a3 Nc3 18.bxc3 dxc3 19.Nd3 c2 20.Qe1 Bf6 21.Be3 Qa6 22.Rc1 Qxa3
23.Qd2 Qb3 24.Bg5 Bxg5 25.Qxg5 Bxd3 26.exd3 Qxd3 27.Rfe1 Qc3 28.Bf1 h6 29.Qe3 Qxe3
30.fxe3 Rc3 31.Re2 Rdc8 32.Rd2 Rxe3 33.Rdxc2 Rxc2 34.Rxc2 Re7 35.Kf2 g6 36.g4 Kg7
37.Ra2 Rc7 38.Ra6 Re7 39.Bd3 Rd7 40.Be4 Re7 41.Kf3 Rc7 42.Ke3 Rc3+ 43.Bd3 Rc7
44.Rd6 Re7+ 45.Kd2 Rc7 46.Ra6 Re7 47.Rc6 Rd7 48.Ke3 Re7+ 49.Kf3 Rb7 50.Bc4 Re7
51.Kf4 Kh7 52.Bd5 Kg7 53.Be4 Kh7 54.Rc5 Kg7 55.h4 Kf8 56.Rc6 Kg7 57.Rc8 Rd7
58.Re8 Kf6 59.Rg8 Rc7 60.Bd5 Rc5 61.g5+ hxg5+ 62.hxg5+ Ke7 63.Ke5 Rc1 64.Ra8 Re1+
65.Be4 Ra1 66.Rb8 Rg1 67.Rb7+ Kf8 68.Kf4 Ra1 69.Bd3 Ra4+ 70.Be4 Kg7 71.Ke5 Ra1
72.Rb1 Ra2 73.Rf1 Ra3 74.Rd1 Rg3 75.Kf4 Ra3 76.Rd7 Ra1 77.Bd5 Rf1+ 78.Kg4 Rg1+
79.Kf4 Rf1+ 80.Bf3 Ra1 81.Rd2 Ra4+ 82.Ke5 Ra1 83.Rd1 Ra3 84.Bd5 Re3+ 85.Be4 Rg3
86.Kf4 Ra3 87.Rd7 Ra1 88.Bd5 Rf1+ 89.Kg4 Rg1+ 90.Kh4 Rf1 91.Bg2 Ra1 92.Kh3 Ra3+
93.Kh4 Ra1 94.Bd5 Rf1 95.Rxa7 Rf4+ 96.Kh3 Rf5 97.Be6 Rxg5 98.Rxf7+ Kh6 99.Rc7 Ra5
100.Kg4 Ra6 101.Bd5 Ra4+ 102.Bc4 Rb4 103.Rc5 Rb6 104.Rc8 Rb4 105.Rc6 Ra4
106.Kf4 Rb4 107.Ke5 Rb2 108.Bd3 Rg2 109.Be4 Rg1 110.Rb6 Rg5+ 111.Kf4 Rg1
112.Rb2 Kg7 113.Bf3 Rf1 114.Kg4 Kh6 115.Be4 Rg1+ 116.Bg2 Rd1 117.Re2 Rd4+
118.Be4 Rd1 119.Rh2+ Kg7 120.Rg2 Kh6 121.Kf4 Rd6 122.Ke5 Rb6 123.Rc2 Kg7
124.Bd5 Rb1 125.Kf4 Rf1+ 126.Bf3 Rg1 127.Bg4 Kh6 128.Rc4 Rf1+ 129.Ke5 Kg7
130.Be6 Re1+ 131.Kd6 Rd1+ 132.Ke7 Re1 133.Rf4 Re2 134.Rf7+ Kh6 135.Rf1 Kg7
136.Rh1 Re3 137.Kd6 Rd3+ 138.Bd5 Kf6 139.Rf1+ Kg7 140.Rf7+ Kh6 141.Ke5 Re3+
142.Kf6 Re2 143.Ra7 Rf2+ 144.Ke7 Kg7 145.Ke8+ Kh6 146.Bg8 Rf1 147.Bf7 Re1+
148.Kf8  1/2-1/2

[Event "TCh-AUT 2nd Bundesliga West 2008-9"]
[Site "Austria AUT"]
[Date "2009.03.06"]
[Round "9"]
[White "Pitl,G"]
[Black "Heinzel,O"]
[Result "1-0"]
[WhiteElo "2405"]
[BlackElo "2378"]

1.d4 Nf6 2.c4 e6 3.g3 d5 4.Nf3 Be7 5.Bg2 O-O 6.O-O b6 7.cxd5 exd5 8.Qc2 Bb7
9.Nc3 Nbd7 10.Bf4 c5 11.Rad1 c4 12.Ne5 Qc8 13.b3 Bb4 14.bxc4 dxc4 15.d5 Nxe5
16.Bxe5 Nd7 17.Bf4 a6 18.Ne4 b5 19.Bd6 Bxd6 20.Nxd6 Qb8 21.Nxb7 Qxb7 22.d6 Qa7
23.Bxa8 Qxa8 24.Qf5 Qc6 25.e4 Re8 26.Rfe1 Re5 27.Qf4 c3 28.Qc1 b4 29.Qc2 a5
30.f4 Re8 31.e5 a4 32.Rb1 Rb8 33.f5 Qc5+ 34.Qf2 c2 35.Rbc1 b3 36.e6 fxe6
37.fxe6 Qxf2+ 38.Kxf2 Nc5 39.e7 Kf7 40.Ke3 Ne6 41.axb3 axb3 42.Kd3 Nc5+ 43.Kc4 Rc8
44.Rf1+ Kg8 45.Rce1 Ne4+ 46.Kd5  1-0

[Event "25th Open"]
[Site "Cappelle la Grande FRA"]
[Date "2009.03.06"]
[Round "8"]
[White "Miroshnichenko,E"]
[Black "Rychagov,A"]
[Result "1/2-1/2"]
[WhiteElo "2667"]
[BlackElo "2515"]

1.Nf3 d5 2.c4 e6 3.g3 Nf6 4.d4 Be7 5.Bg2 O-O 6.O-O dxc4 7.Qc2 a6 8.a4 Bd7
9.Rd1 Bc6 10.Nc3 a5 11.e4 Na6 12.Ne5 Nb4 13.Qe2 Nd3 14.Nxd3 cxd3 15.Rxd3 Nd7
16.Rd1 Nb6 17.b3 Bb4 18.Bb2 Qe7 19.Na2 Ba3 20.Bxa3 Qxa3 21.Qc2 Rad8 22.Nc3 Qb4
23.d5 exd5 24.exd5 Bd7 25.Ne4 Bg4 26.Ng5 g6 27.Re1 Bf5 28.Qxc7 Nxd5 29.Qe5 Qxb3
30.Rad1 Nb4 31.Rxd8 Rxd8 32.g4 Bxg4 33.Ne4 Nd5 34.Qg5 Qb6 35.Qxg4 f5 36.Qg5 fxe4
37.Bxe4 Nf6 38.Bxb7 Qxb7  1/2-1/2

[Event "FSGM March"]
[Site "Budapest HUN"]
[Date "2009.03.07"]
[Round "1"]
[White "Ilincic,Z"]
[Black "Kjartansson,G"]
[Result "1-0"]
[WhiteElo "2555"]
[BlackElo "2365"]

1.d4 Nf6 2.c4 e6 3.Nf3 d5 4.g3 Be7 5.Bg2 O-O 6.O-O dxc4 7.Qc2 a6 8.a4 Bd7
9.Nbd2 Bc6 10.Nxc4 Be4 11.Qb3 Nc6 12.Be3 Bd5 13.Qc3 b5 14.Nce5 b4 15.Qd3 Nxe5
16.Nxe5 Bxg2 17.Kxg2 Qd5+ 18.f3 c5 19.Nc4 cxd4 20.Bxd4 Bc5 21.Rfd1 Bxd4 22.Qxd4 Rac8
23.b3 Qxd4 24.Rxd4 Nd5 25.Ra2 f5 26.Rad2 h6 27.a5 Rc5 28.Kf2 Kh7 29.R2d3 f4
30.Re4 fxg3+ 31.hxg3 Rf6 32.Re5 Rb5 33.e4 Nc3 34.Ke3 Rb7 35.Rc5 Rbf7 36.Ne5 Rb7
37.Rd8 Rb5 38.Rxb5 Nxb5 39.Nd7 Rf7 40.Nf8+ Kg8 41.Nxe6+ Kh7 42.f4 g6 43.g4 Nc7
44.f5  1-0